| Tag |
First Indicator |
Second Indicator |
Subfields |
| LEADER |
00000cam a2200000 i 4500 |
| 001 |
in00000095575 |
| 005 |
20230925110518.0 |
| 008 |
740315s1973 nyuag j 000 0 eng |
| 010 |
|
|
|a 73075437
|
| 019 |
|
|
|a 2696205
|
| 020 |
|
|
|z 0689304208
|
| 020 |
|
|
|a 0689304218
|
| 020 |
|
|
|a 9780689304217
|
| 029 |
1 |
|
|a AU@
|b 000000517900
|
| 029 |
1 |
|
|a NZ1
|b 1100169
|
| 029 |
1 |
|
|a NZ1
|b 9149837
|
| 029 |
1 |
|
|a AU@
|b 000074750173
|
| 035 |
|
|
|a (OCoLC)ocm00765817
|
| 035 |
|
|
|a (OCoLC)765817
|z (OCoLC)2696205
|
| 035 |
|
|
|a (OCoLC)ocm00765817
|
| 040 |
|
|
|a DLC
|b eng
|e rda
|c DLC
|d BAKER
|d BTCTA
|d AZH
|d FUG
|d BDX
|d OCLCF
|d OCLCO
|d OCLCQ
|d OCLCO
|d OCL
|d YBM
|d OCLCQ
|d BRL
|d ALV
|d OCLCO
|d NZ1
|d OCL
|d LMJ
|d UPM
|d OCLCO
|d OCLCQ
|
| 042 |
|
|
|a cyac
|a pcc
|
| 050 |
0 |
0 |
|a PN6120.M8
|b L3
|
| 082 |
0 |
0 |
|a 782.8/1
|
| 096 |
|
|
|a No local call number
|
| 100 |
1 |
|
|a Langstaff, John,
|d 1920-2005,
|e author.
|
| 245 |
1 |
0 |
|a Saint George and the dragon :
|b a mummer's play /
|c by John Langstaff ; with woodcuts by David Gentleman.
|
| 250 |
|
|
|a First edition.
|
| 264 |
|
1 |
|a New York :
|b Atheneum,
|c 1973.
|
| 300 |
|
|
|a 47 pages :
|b color illustrations, music ;
|c 22 cm
|
| 336 |
|
|
|a text
|b txt
|2 rdacontent
|
| 337 |
|
|
|a unmediated
|b n
|2 rdamedia
|
| 338 |
|
|
|a volume
|b nc
|2 rdacarrier
|
| 500 |
|
|
|a "A Margaret K. McElderry book."
|
| 500 |
|
|
|a Includes unacc. melodies.
|
| 520 |
|
|
|a A folk play featuring Father Christmas, Saint George, and a dragon.
|
| 650 |
|
0 |
|a Christmas plays.
|
| 650 |
|
0 |
|a Mumming
|v Juvenile drama.
|
| 650 |
|
0 |
|a Dragons
|v Juvenile drama.
|
| 650 |
|
0 |
|a Folk drama, English
|v Juvenile drama.
|
| 650 |
|
0 |
|a Children's plays.
|
| 650 |
|
0 |
|a Mumming.
|
| 650 |
|
0 |
|a Folk drama, English.
|
| 650 |
|
1 |
|a Folk drama.
|
| 650 |
|
1 |
|a Mumming.
|
| 650 |
|
6 |
|a Noël
|v Théâtre.
|
| 650 |
|
6 |
|a Théâtre pour enfants.
|
| 650 |
|
6 |
|a Momerie.
|
| 650 |
|
6 |
|a Théâtre populaire anglais.
|
| 650 |
|
7 |
|a Children's plays.
|2 fast
|0 (OCoLC)fst00856247
|
| 650 |
|
7 |
|a Christmas plays.
|2 fast
|0 (OCoLC)fst00859836
|
| 650 |
|
7 |
|a Dragons.
|2 fast
|0 (OCoLC)fst00897397
|
| 650 |
|
7 |
|a Folk drama, English.
|2 fast
|0 (OCoLC)fst00928802
|
| 650 |
|
7 |
|a Mumming.
|2 fast
|0 (OCoLC)fst01029123
|
| 655 |
|
7 |
|a Folk drama.
|2 fast
|0 (OCoLC)fst01921659
|
| 655 |
|
7 |
|a Drama.
|2 fast
|0 (OCoLC)fst01423879
|
| 655 |
|
7 |
|a Juvenile works.
|2 fast
|0 (OCoLC)fst01411637
|
| 655 |
|
7 |
|a Folk drama.
|2 lcgft
|
| 655 |
|
7 |
|a Dust jackets (Bindings)
|y 1973.
|2 rbbin
|
| 655 |
|
7 |
|a Folk tales
|y 1973.
|2 rbgenr
|
| 655 |
|
7 |
|a Authors' presentation inscription (Provenance)
|x Langstaff
|y 1980.
|2 rbprov
|
| 655 |
|
7 |
|a Théâtre populaire.
|2 rvmgf
|
| 700 |
1 |
|
|a Gentleman, David,
|e illustrator.
|
| 710 |
2 |
|
|a Atheneum (New York, N.Y.),
|e publisher.
|
| 938 |
|
|
|a Baker & Taylor
|b BKTY
|c 1.49
|d 1.12
|i 0689304218
|n 0000434529
|s active
|z B&T Title: St. George and the Dragon a Folk Play
|
| 938 |
|
|
|a Brodart
|b BROD
|n 27453383
|c $1.49
|
| 938 |
|
|
|a Baker and Taylor
|b BTCP
|n 73075437
|
| 948 |
|
|
|h HELD BY TXA - 279 OTHER HOLDINGS
|
| 994 |
|
|
|a Z0
|b TXA
|
| 999 |
f |
f |
|s 1537bf4d-beec-3d22-be03-8c0b5532cbd2
|i a550fdc0-2203-3e99-b192-1cd47bd47503
|t 0
|
| 952 |
f |
f |
|p ric
|a Texas A&M University
|b Rellis Campus
|c Joint Library Facility
|d Remote Storage
|t 0
|e PN6120 M8 L3
|h Library of Congress classification
|i unmediated -- volume
|m A14806010979
|
| 998 |
f |
f |
|a PN6120 M8 L3
|t 0
|l Remote Storage
|